=LDR 00000nam 2200000 4500 =001 NUTBA000000000000478 =005 20140324160458.0 =006 =007 =008 =020 ##$$a 979-006-247-8 =035 ##$$0010-031400000000477 =040 ##$$a Ind =082 ##$$a 641 =090 ##$$a 641$bWar i =100 ##$$aWarisno =245 ##$$a Ispirasi usaha membuat aneka nata$cWarisno, Kres dahana =250 ##$$a Cet. 1 =260 ##$$a Jakarta$bAgromedia pustaka$c2009. =300 ##$$a Iv,101 Hlm$bIlus$c21 cm. =700 ##$$a Kres Dahana =850 ##$$a NBPNMAT =990 ##$$a 20902986 =990 ##$$a 91407/BPAP-NTB/2014 =990 ##$$a 0001/BPAP-NTB/20142014